00469pab a2200133 454500008004000000100001900040245002100059260000900080300001600089362001100105520015900116650002600275773003400301180718b2007 xxu||||| |||| 00| 0 eng d aThapar, Romila aMyth and history c2007 ap.3903-905. a29 Sep aThe controversy over the existence of Ramsetu was generated by the government's attempt to settle a matter it was not called upon to settle. - Reproduced. aSethusamudran Project aEconomic and Political Weekly